00000000nam##2200000za#4500
0019.648372
003CaOODSP
00520200330092131
007ta
008150407|2001||||xxc|||||     f|0| 0 eng|d
020 |a0-662-31215-5
040 |aCaOODSP|beng
043 |an-cn---
0861 |aE2-430/2001E
1101 |aCanada.|bForeign Affairs and International Trade. |bCanadian Centre for Foreign Policy Development.
24510|aReport from the Roundtable on International Corruption / |cby Marketa Geislerova.
260 |aOttawa - Ontario : |bForeign Affairs and International Trade. |c2001.
300 |a12p. in various pagings. ; |c28 cm.
563 |aSoftcover
590 |a02-34|b2002-08-23
69007|aForeign policy|2gcpds
69007|aFraud|2gcpds
69007|aInternational finance|2gcpds
69007|aMeetings|2gcpds
7201 |aGeislerova, Marketa
7760#|tReport from the Roundtable on International Corruption (June 21, 2001) / |w(CaOODSP)9.686254